| 000 | 00745nam a22002057a 4500 | ||
|---|---|---|---|
| 999 |
_c20556 _d20556 |
||
| 003 | AR-CdUCM | ||
| 008 | 190531b ||||| |||| 00| 0 spa d | ||
| 040 |
_aMUNICIPALIDAD PROVINCIAL DEL CUSCO _cBIBLIOTECA MUNICIPAL DEL CUSCO |
||
| 082 |
_a510.7 / _bW58 |
||
| 100 |
_aWheeler, Ruric E. _942975 |
||
| 245 | _aIntroducción a los conjuntos numéricos / | ||
| 260 |
_aMéxico : _bMarymar, _c1976. |
||
| 300 |
_a184 páginas ; _c30 cm. |
||
| 505 | _aContenido : Nociones de logica e introduccion al razonamiento matemático -- Razonamiento inductivo-- Proposiciones -- Diagramas... | ||
| 650 |
_aConjuntos y relaciones _942976 |
||
| 650 |
_aSistema de numeración _942977 |
||
| 650 |
_aFracciones _921887 |
||
| 942 |
_2ddc _cLIBROS |
||
| 945 | _arcc | ||